书目信息 |
| 题名: |
绿色建筑100问
|
|
| 作者: | 瞿燕 编著 | |
| 分册: | ||
| 出版信息: | 北京 中国建筑工业出版社 2017.10 |
|
| 页数: | 189页 | |
| 开本: | 26cm | |
| 丛书名: | ||
| 单 册: | ||
| 中图分类: | TU18 | |
| 科图分类: | ||
| 主题词: | 生态建筑--sheng tai jian zhu--研究 | |
| 电子资源: | ||
| ISBN: | 978-7-112-20832-6 | |
| 000 | 00823nam0 2200217 450 | |
| 001 | 0100001121 | |
| 005 | 20190305112859.90 | |
| 010 | @a978-7-112-20832-6@dCNY30.00 | |
| 100 | @a20171031d2017 em y0chiy50 ea | |
| 101 | 0 | @achi |
| 102 | @aCN@b110000 | |
| 105 | @aak z 000yy | |
| 200 | 1 | @a绿色建筑100问@Alv se jian zhu 100 wen@f瞿燕编著 |
| 210 | @a北京@c中国建筑工业出版社@d2017.10 | |
| 215 | @a189页@c图@d26cm | |
| 330 | @a本书根据关于绿色建筑的现行国家设计规范和相关标准, 从标准规范的解读、技术体系的应用到实际案例的分享, 筛选出了最受关注的100个问题, 以问答的方式全方位系统地阐述绿色建筑, 能全面解答绿色建筑实施过程中遇到的各种疑难或共性问题。 | |
| 606 | 0 | @a生态建筑@Asheng tai jian zhu@x研究 |
| 690 | @aTU18@v5 | |
| 701 | 0 | @a瞿燕@Aqu yan@4编著 |
| 801 | 0 | @aCN@c20180910 |
| 905 | @a河南城建学院图书馆@dTU18@eQ843 | |
| 绿色建筑100问/瞿燕编著.-北京:中国建筑工业出版社,2017.10 |
| 189页:图;26cm |
| ISBN 978-7-112-20832-6:CNY30.00 |
| 本书根据关于绿色建筑的现行国家设计规范和相关标准, 从标准规范的解读、技术体系的应用到实际案例的分享, 筛选出了最受关注的100个问题, 以问答的方式全方位系统地阐述绿色建筑, 能全面解答绿色建筑实施过程中遇到的各种疑难或共性问题。 |
| ● |
| 相关链接 |
|
|
|
正题名:绿色建筑100问
索取号:TU18/Q843
 
预约/预借
| 序号 | 登录号 | 条形码 | 馆藏地/架位号 | 状态 | 备注 |
| 1 | 1304783 | 213047834 | 建筑库101/101建筑库 27排1列5层/ [索取号:TU18/Q843] | 在馆 | |
| 2 | 1399684 | 213996844 | 建筑库101/101建筑库 27排1列5层/ [索取号:TU18/Q843] | 在馆 | |
| 3 | 1399685 | 213996853 | 建筑库101/101建筑库 27排1列5层/ [索取号:TU18/Q843] | 在馆 |